000 00401cam a22001217a 4500
008 180718b1997 xxu||||| |||| 00| 0 eng d
082 _aO91 In8
100 _aWightman, Eric
245 _aInternational conference on habitat and substainable development: proceedings vol.ii
_cby Eric Wightman
260 _aCalcutta
_bInstitution of Engineers
_c1997
300 _av.p.
650 _aSustainable development
999 _c492285
_d492285